<?xml version="1.0" encoding="UTF-8"?>
<record
    xmlns:xsi="http://www.w3.org/2001/XMLSchema-instance"
    xsi:schemaLocation="http://www.loc.gov/MARC21/slim http://www.loc.gov/standards/marcxml/schema/MARC21slim.xsd"
    xmlns="http://www.loc.gov/MARC21/slim">

  <leader>01606nam a2200181 a 4500</leader>
  <controlfield tag="001">401</controlfield>
  <controlfield tag="003">CO-ViMGA</controlfield>
  <controlfield tag="008">141112s2004    ck      r     000 u spa d</controlfield>
  <datafield tag="040" ind1=" " ind2=" ">
    <subfield code="a">CO-ViMGA</subfield>
    <subfield code="b">spa</subfield>
    <subfield code="c">CO-ViMGA</subfield>
  </datafield>
  <datafield tag="082" ind1="0" ind2="4">
    <subfield code="a">616.89 K165</subfield>
  </datafield>
  <datafield tag="100" ind1="1" ind2=" ">
    <subfield code="a">Kaplan, Harold I.</subfield>
    <subfield code="9">48165</subfield>
  </datafield>
  <datafield tag="245" ind1="1" ind2="0">
    <subfield code="a">Sinopsis de psiquiatr&#xED;a : </subfield>
    <subfield code="b">ciencias de la conducta, psiquiatr&#xED;a cl&#xED;nica / </subfield>
    <subfield code="c">Kaplan Harold I , Sadock Benjamin J , Grabb Jack A </subfield>
  </datafield>
  <datafield tag="260" ind1=" " ind2=" ">
    <subfield code="a">Barcelona : </subfield>
    <subfield code="b">Medica PanAm&#xE9;ricana, </subfield>
    <subfield code="c">1966</subfield>
  </datafield>
  <datafield tag="300" ind1=" " ind2=" ">
    <subfield code="a">1272 p</subfield>
  </datafield>
  <datafield tag="505" ind1=" " ind2=" ">
    <subfield code="a">El desarrollo humano a lo largo del ciclo vital La adolescencia; La adultez; La edad adulta tard&#xED;a; Tanatolog&#xED;a : La muerte y el duelo 66 - - El cerebro y la conducta Neuroanatom&#xED;a; Im&#xE1;genes del cerebro; Gen&#xE9;tica de la conducta Contribuciones de las ciencias psicosociales al comportamiento humano La teor&#xED;a del v&#xED;nculo; Antropolog&#xED;a y psiquatr&#xED;a 104 - - Teor&#xED;as de la personalidad y psicopatolog&#xED;a Escuelas derivadas del psicoan&#xE1;lisis 246 - - Evaluaci&#xF3;n cl&#xED;nica del paciente psiqui&#xE1;trico Evaluaci&#xF3;n medica en psiquatr&#xED;a 304 - - Delirium, demencia, amnesicos y otros transtornos cognitivos 374 - - Transtornos relacionados con sustancias Alcohol, anfetamina, coca&#xED;na, inhalantes, nicotina, opi&#xE1;ceos 464 - - Esquizofrenias 518 - - Transtornos del estado de &#xE1;nimo 577 - - Transtornos de ansiedad 607 - - Transtornos disociativos 654 - - Transtornos de la personalidad 771 - - Psicoterapias hipnosis; Terapia conductual, bioretroacci&#xF3;n 863 - - Terapias biol&#xF3;gicas 920 - - Psiquiatr&#xED;a infantil 1036 - - Psiquiatr&#xED;a geriatr&#xED;ca 1193  </subfield>
  </datafield>
  <datafield tag="650" ind1="1" ind2="4">
    <subfield code="a">PSIQUIATRIA</subfield>
  </datafield>
  <datafield tag="942" ind1=" " ind2=" ">
    <subfield code="2">ddc</subfield>
    <subfield code="c">BK</subfield>
  </datafield>
  <datafield tag="999" ind1=" " ind2=" ">
    <subfield code="c">12643</subfield>
    <subfield code="d">12643</subfield>
  </datafield>
  <datafield tag="952" ind1=" " ind2=" ">
    <subfield code="0">1</subfield>
    <subfield code="1">0</subfield>
    <subfield code="2">ddc</subfield>
    <subfield code="4">4</subfield>
    <subfield code="7">0</subfield>
    <subfield code="8">002</subfield>
    <subfield code="a">MEVIECAR</subfield>
    <subfield code="b">MEVIECAR</subfield>
    <subfield code="d">2015-12-04</subfield>
    <subfield code="h">Volumen. 1 | 11/jun/2009</subfield>
    <subfield code="l">0</subfield>
    <subfield code="o">616.89 K165 </subfield>
    <subfield code="p">401</subfield>
    <subfield code="r">2015-12-04 00:00:00</subfield>
    <subfield code="t">Ej. 1</subfield>
    <subfield code="w">2015-12-04</subfield>
    <subfield code="y">BK</subfield>
  </datafield>
</record>
